000 00663nam a2200217 a 4500
001 000022337
005 20200930011706.0
008 100930s2007 dr a 000 0 spa d
020 _a9789945410280
040 _aDO-SdBNP
_bspa
_cBNPHU
041 1 7 _aspa
_2eng
082 _aPR863.44
_bR696g
100 1 _aRodríguez Guglielmoni, Linda M.
_925666
245 1 0 _aThe galician /
_cLinda M. Rodríguez Guglielmoni.
260 _aSanto Domingo :
_bLetra Gráfica,
_c2007.
300 _a45 p. ;
_c14 cm.
500 _aIncluye datos biográficos de la autora
650 4 _aCuento puertorriqueño
_914127
650 4 _aLiteratura puertorriqueña
_9250
049 _aBNPD
999 _c21835
_d21835